000
00298nam a2200097Ia 4500
008
171204s9999 xx 000 0 und d
245
4
_a
The X-Files: The Untold History of Television:
260
_c
2016
650
_x
TV PRODUCTION AND DIRECTION
856
_u
http://down.ebook777.com/035/B01AFZ0Q4E.pdf
999
_c
346192
_d
346192